00344 a2200121 4500020001800000050002000018100002700038245005300065264004600118300001800164500001900182650002100201 a9788188458080 aTA 710 UPA 2008 aUpadhyay, A. KeAuthor aSoil and foundation engineering /cA. K Upadhyay aNew Delhi:bS. K. Kataria and Sons,c2008 a298p. :bill. aIncludes index aSoil engineering